El̲uttālar Kalki. (Record no. 74993)

MARC details
000 -LEADER
fixed length control field 00664cam a22002411 4500
001 - CONTROL NUMBER
control field sa 67005136
003 - CONTROL NUMBER IDENTIFIER
control field DLC
005 - DATE AND TIME OF LATEST TRANSACTION
control field 20260227112354.0
008 - FIXED-LENGTH DATA ELEMENTS--GENERAL INFORMATION
fixed length control field 950217s1966 ii c b 000 0 tamo
010 ## - LIBRARY OF CONGRESS CONTROL NUMBER
LC control number sa 67005136
025 ## - OVERSEAS ACQUISITION NUMBER
Overseas acquisition number PL480:I-T-1480
035 ## - SYSTEM CONTROL NUMBER
System control number (OCoLC)32010067
040 ## - CATALOGING SOURCE
Original cataloging agency DLC
Transcribing agency CU
Modifying agency CU
-- DLC
050 00 - LIBRARY OF CONGRESS CALL NUMBER
Classification number PL4758.9.K68
Item number Z8
100 1# - MAIN ENTRY--PERSONAL NAME
Personal name Irattin̲am, Kā. Po.,
Dates associated with a name 1914-
245 10 - TITLE STATEMENT
Title El̲uttālar Kalki.
260 ## - PUBLICATION, DISTRIBUTION, ETC.
Date of publication, distribution, etc. [1966]
300 ## - PHYSICAL DESCRIPTION
Extent 120 p.
Other physical details port.
Dimensions 18 cm.
500 ## - GENERAL NOTE
General note In Tamil.
504 ## - BIBLIOGRAPHY, ETC. NOTE
Bibliography, etc. note Bibliographical footnotes.
600 00 - SUBJECT ADDED ENTRY--PERSONAL NAME
Personal name Kalki,
Dates associated with a name 1899-1954.
710 2# - ADDED ENTRY--CORPORATE NAME
Corporate name or jurisdiction name as entry element University of Malaya (1962-1966).
Subordinate unit Department of Indian Studies.

No items available.

Powered by Koha